000 00338nam a2200145Ia 4500
008 230718s9999 xx 000 0 und d
041 _aEng.
082 _a843.7
_bASH-Z
100 _aAshraf A.B Dr.
245 0 _aZooq a Dasht Nowardi
260 _aPakistan
_bJamhori Publications
_c2016
300 _a225
650 _aLaw
999 _c31541
_d31541